Statistics for Dunkin' Donuts Best Selling Flavours

Click here to take the quiz!

General Stats

  • This quiz has been taken 36 times
  • The average score is 2 of 10

Answer Stats

#Answer% Correct
8Glazed
94%
1Boston Creme
48%
6Chocolate Sprinkles
26%
3Vanilla Frosted
19%
5Rainbow Sprinkles
13%
2Caramel Frosted
3%
4Double Caramel
3%
7Chocolate Lover
3%
9Bavarian Filled
3%
10White Chocolate
3%

Score Distribution

Percentile by Number Answered

Percent of People with Each Score

Your Score History

You have not taken this quiz